Konštrukčný návrh modulárnej platformy pre osobné výťahy so zníženým prejazdom

Salvato in:
Dettagli Bibliografici
Autore principale: Banyár, Kornel (Autore)
Altri autori: Ondruška, Juraj (Relatore della tesi)
Natura: Manoscritto Libro
Lingua:slovacco
Pubblicazione: 2025
Soggetti:
Accesso online:http://is.stuba.sk/zp/portal_zp.pl?podrobnosti=186997
Tags: Aggiungi Tag
Nessun Tag, puoi essere il primo ad aggiungerne!!

MARC

LEADER 00000ntm a22000003a 4500
001 stuzp105401
003 SK-STU
005 20250621210543.8
007 ta
008 150427s2015----xo-----f-mn---000-0-slo-d
040 |a STU  |b slo 
041 0 |a slo 
100 1 |a Banyár, Kornel  |u 020030  |4 aut  |U SjF Strojnícka fakulta  |T SjF Ústav automobilového inžinierstva a konštruovania  |X 98596  |U J0030  |Y 806  |7 98596 
242 0 1 |a Design of a Modular Platform for Passenger Elevators with Reduced Overhead Clearance  |y eng 
245 1 0 |a Konštrukčný návrh modulárnej platformy pre osobné výťahy so zníženým prejazdom 
260 |c 2025 
650 4 |a montovaná konštrukcia  |2 slo 
650 4 |a pevnostná analýza  |2 slo 
650 4 |a výťahová šachta  |2 slo 
650 4 |a protivibračné úchyty  |2 slo 
650 4 |a elevator shaft  |2 eng 
650 4 |a modular construction  |2 eng 
650 4 |a strength analysis  |2 eng 
650 4 |a anti-vibration mounts  |2 eng 
700 1 |a Ondruška, Juraj  |u 020030  |k Z1  |4 ths  |U SjF Strojnícka fakulta  |T SjF Ústav automobilového inžinierstva a konštruovania  |X 10073  |U J0030  |Y 806  |7 A000010073 
856 4 |u http://is.stuba.sk/zp/portal_zp.pl?podrobnosti=186997